| 000 | 00475nam a22001817a 4500 | ||
|---|---|---|---|
| 005 | 20251108170547.0 | ||
| 008 | 250721s9999 xx 000 0 ara d | ||
| 082 | 1 | 4 | _aط/956.52/سوي |
| 100 | 1 | _aسويلم، أحمد | |
| 245 | 1 | 0 | _aالقدس / |
| 264 | _c[19-]. | ||
| 490 | 0 | _aسلسلة مدائن إسلامية ؛3 | |
| 650 | 1 | 7 | _aتاريخ فلسطين |
| 650 | 1 | 7 | _aالقدس |
| 700 | 1 |
_aعمري، سعيد _eرسم |
|
| 942 |
_2ddc _cBK |
||
| 999 |
_c43514 _d43514 |
||